Statistics for 1992 NFL Standings

Click here to take the quiz!

General Stats

  • This quiz has been taken 8 times
  • The average score is 10 of 28

Answer Stats

Rank (seed)RecordNFL Team% Correct
AFC Wild Card (4)11-5Buffalo Bills
67%
AFC Wild Card (5)10-6Houston Oilers
67%
AFC Wild Card (6)10-6Kansas City Chiefs
67%
AFC East Champ (2)11-5Miami Dolphins
67%
AFC Central Champ (1)11-5Pittsburgh Steelers
67%
AFC West Champ (3)11-5San Diego Chargers
67%
NFC West Champ (1)14-2San Francisco 49ers
67%
NFC (12) Missed Playoffs5-11Chicago Bears
33%
AFC (9) Missed Playoffs7-9Cleveland Browns
33%
NFC East Champ (2)13-3Dallas Cowboys
33%
AFC (8) Missed Playoffs8-8Denver Broncos
33%
NFC (13) Missed Playoffs5-11Detroit Lions
33%
NFC (7) Missed Playoffs9-7Green Bay Packers
33%
AFC (7) Missed Playoffs9-7Indianapolis Colts
33%
AFC (10) Missed Playoffs7-9Los Angeles Raiders
33%
NFC (9) Missed Playoffs6-10Los Angeles Rams
33%
NFC Central Champ (3)11-5Minnesota Vikings
33%
AFC (14) Missed Playoffs2-14New England Patriots
33%
NFC Wild Card (4)12-4New Orleans Saints
33%
NFC (10) Missed Playoffs6-10New York Giants
33%
AFC (12) Missed Playoffs4-12New York Jets
33%
AFC (13) Missed Playoffs2-14Seattle Seahawks
33%
NFC (11) Missed Playoffs5-11Tampa Bay Buccaneers
33%
NFC Wild Card (6)9-7Washington Redskins
33%
NFC (8) Missed Playoffs6-10Atlanta Falcons
0%
AFC (11) Missed Playoffs5-11Cincinnati Bengals
0%
NFC Wild Card (5)11-5Philadelphia Eagles
0%
NFC (14) Missed Playoffs4-12Phoenix Cardinals
0%

Score Distribution

Percentile by Number Answered

Percent of People with Each Score

Your Score History

You have not taken this quiz